An approach to liquefied natural gas (LNG) safety and environmental control research.

Saved in:
நூற்பட்டியல் விவரங்கள்
குழும எழுத்தாளர்: United States. Department of Energy. Division of Environmental Control Technology.
வடிவம்: புத்தகம்
மொழி:English
வெளியீடப்பட்டது: Washington : Springfield, Va. : Dept. of Energy, Assistant Secretary for Environment, Division of Environmental Control Technology ; For sale by the National Technical Information Service, 1978.
தொகுதி:DOE/EV-0002
பகுதிகள்:
குறியீடுகள்: குறிச்சொல் இணை
குறியீடுகள் இல்லை, இந்த குறிச்சொல்லை முதலில் பதிவு செய்யுங்கள்!
LEADER 01017cam a2200253Ii 4500
001 010276128-0
005 20070405155056.0
008 780308s1978 dcua b f000 0 eng d
035 0 |a ocm03694899 
037 |b 22161 
040 |a GPO  |c GPO  |d YCM  |d OCL  |d OCLCQ 
086 0 |a E 1.16:0002 
090 |a TP761.L5  |b U5 
110 1 |a United States.  |b Department of Energy.  |b Division of Environmental Control Technology. 
245 1 3 |a An approach to liquefied natural gas (LNG) safety and environmental control research. 
260 |a Washington :  |b Dept. of Energy, Assistant Secretary for Environment, Division of Environmental Control Technology ;  |a Springfield, Va. :  |b For sale by the National Technical Information Service,  |c 1978. 
300 |a 423 p. (2 folded) in various pagings :  |b ill. ;  |c 28 cm. 
490 0 |a DOE/EV-0002 
500 |a Issued Feb. 1978. 
504 |a Includes bibliographical references. 
650 0 |a Liquefied natural gas  |x Storage  |x Safety measures. 
988 |a 20070405 
049 |a HLSS 
906 |0 OCLC